Municipalities of Federation of Bosnia and Herzegovina - Statistics

General Stats
  • This quiz has been taken 271 times
  • The average score is 36 of 79
Answer Stats
Canton Municipality % Correct
Una-Sana Canton Bihać
84%
Tuzla Canton Tuzla
83%
Zenica-Doboj Canton Zenica
73%
Una-Sana Canton Cazin
72%
Herzegovina-Neretva Canton Mostar
70%
Central Bosnia Canton Travnik
66%
Una-Sana Canton Velika Kladuša
66%
Canton 10 Livno
64%
Una-Sana Canton Sanski Most
62%
Bosnian-Podrinje Canton Goražde Goražde
60%
Posavina Canton Orašje
59%
Una-Sana Canton Bužim
57%
Sarajevo Canton Ilidža
57%
Central Bosnia Canton Jajce
55%
Zenica-Doboj Canton Kakanj
54%
Una-Sana Canton Ključ
54%
Herzegovina-Neretva Canton Konjic
53%
Canton 10 Tomislavgrad
53%
Una-Sana Canton Bosanski Petrovac
52%
West Herzegovina Canton Široki Brijeg
52%
Central Bosnia Canton Bugojno
51%
Herzegovina-Neretva Canton Čapljina
50%
Herzegovina-Neretva Canton Neum
50%
Central Bosnia Canton Novi Travnik
50%
Posavina Canton Odžak
50%
Sarajevo Canton Stari Grad
50%
Zenica-Doboj Canton Zavidovići
50%
Tuzla Canton Gradačac
49%
Sarajevo Canton Vogošća
49%
Sarajevo Canton Novi Grad
48%
West Herzegovina Canton Posušje
48%
Zenica-Doboj Canton Visoko
48%
Tuzla Canton Živinice
48%
Una-Sana Canton Bosanska Krupa
47%
Central Bosnia Canton Donji Vakuf
47%
Tuzla Canton Gračanica
46%
Herzegovina-Neretva Canton Jablanica
46%
Central Bosnia Canton Kiseljak
46%
Sarajevo Canton Novo Sarajevo
46%
Canton 10 Drvar
45%
Canton 10 Glamoč
45%
Zenica-Doboj Canton Žepče
45%
Central Bosnia Canton Busovača
44%
Central Bosnia Canton Vitez
44%
Canton 10 Bosansko Grahovo
43%
Sarajevo Canton Centar
43%
Zenica-Doboj Canton Olovo
41%
Herzegovina-Neretva Canton Stolac
41%
Sarajevo Canton Ilijaš
40%
Zenica-Doboj Canton Doboj Jug
39%
Sarajevo Canton Hadžići
39%
Canton 10 Kupres
39%
Tuzla Canton Srebrenik
39%
West Herzegovina Canton Ljubuški
38%
Zenica-Doboj Canton Maglaj
38%
Zenica-Doboj Canton Vareš
38%
Tuzla Canton Kladanj
37%
Tuzla Canton Kalesija
36%
Tuzla Canton Doboj Istok
35%
Central Bosnia Canton Fojnica
35%
Central Bosnia Canton Gornji Vakuf-Uskoplje
35%
Zenica-Doboj Canton Breza
34%
West Herzegovina Canton Grude
34%
Tuzla Canton Banovići
33%
Posavina Canton Domaljevac-Šamac
33%
Tuzla Canton Lukavac
33%
Zenica-Doboj Canton Tešanj
33%
Herzegovina-Neretva Canton Čitluk
32%
Sarajevo Canton Trnovo
31%
Herzegovina-Neretva Canton Prozor-Rama
30%
Central Bosnia Canton Kreševo
28%
Herzegovina-Neretva Canton Ravno
28%
Tuzla Canton Teočak
28%
Zenica-Doboj Canton Usora
28%
Tuzla Canton Sapna
27%
Central Bosnia Canton Dobretići
25%
Bosnian-Podrinje Canton Goražde Pale-Prača
21%
Bosnian-Podrinje Canton Goražde Foča-Ustikolina
18%
Tuzla Canton Čelić
17%
No matching quizzes found
Score Distribution
Percent of People with Each Score
Percentile by Number Answered
Your Score History
You have not taken this quiz